|
|
|
|
| LEADER |
00000nam0a2200000 4500 |
| 001 |
151915 |
| 005 |
20231101221607.0 |
| 035 |
|
|
|a (RuTPU)RU\TPU\book\164729
|
| 090 |
|
|
|a 151915
|
| 100 |
|
|
|a 20090128d1956 m y0engy50 ba
|
| 101 |
0 |
|
|a eng
|
| 102 |
|
|
|a NL
|
| 105 |
|
|
|a a z 000zy
|
| 200 |
1 |
|
|a Physicochemical Calculations
|f E. A. Guggenheim, J. E. Prue
|
| 210 |
|
|
|a Amsterdam
|c North-Holland
|d 1956
|
| 215 |
|
|
|a 491 p.
|c il.
|
| 606 |
1 |
|
|a Физическая химия
|x Расчеты
|2 stltpush
|3 (RuTPU)RU\TPU\subj\74222
|9 86673
|
| 610 |
1 |
|
|a физико-химические расчеты
|
| 610 |
1 |
|
|a атомы
|
| 610 |
1 |
|
|a молекулы
|
| 610 |
1 |
|
|a молекулярный вес
|
| 610 |
1 |
|
|a атомный вес
|
| 610 |
1 |
|
|a радиоактивность
|
| 610 |
1 |
|
|a английский язык
|
| 675 |
|
|
|a 544:51
|v 3
|
| 700 |
|
1 |
|a Guggenheim
|b E. A.
|
| 701 |
|
1 |
|a Prue
|b J. E.
|
| 801 |
|
1 |
|a RU
|b 63413507
|c 20090128
|g PSBO
|
| 801 |
|
2 |
|a RU
|b 63413507
|c 20230221
|g PSBO
|
| 942 |
|
|
|c BK
|